书目信息 |
| 题名: |
电脑音乐
|
|
| 作者: | 陶一陌 编著 | |
| 分册: | ||
| 出版信息: | 北京 人民音乐出版社 2005 |
|
| 页数: | 233页 | |
| 开本: | 26cm | |
| 丛书名: | ||
| 单 册: | ||
| 中图分类: | J619-39 | |
| 科图分类: | ||
| 主题词: | 计算机应用--音乐制作--高等学校--教材 , 计算机应用 , 音乐制作 | |
| 电子资源: | ||
| ISBN: | 7-103-03001-4 | |
| 000 | 00925nam0 2200265 450 | |
| 001 | 002996565 | |
| 005 | 20070806093436.85 | |
| 010 | @a7-103-03001-4@dCNY28.00 | |
| 100 | @a20050616d2005 em y0chiy0110 ea | |
| 101 | 0 | @achi |
| 102 | @aCN@b110000 | |
| 105 | @aa z 000yy | |
| 200 | 1 | @a电脑音乐@9dian nao yin yue@eMIDI与音频应用技术@f陶一陌编著 |
| 210 | @a北京@c人民音乐出版社@d2005@h2006 | |
| 215 | @a233页@c图@d26cm | |
| 300 | @a全国普通高等学校音乐学本科专业教材 | |
| 330 | @a本教材力求把所有和音乐创作最息息相关的部分,在每一个需要进行练习的章节之后都设有课后习题。结合电脑音乐的实际应用特点,按照循序渐进的方式讲解。 | |
| 517 | 1 | @aMIDI与音频应用技术@9MIDI yu yin pin ying yong ji shu |
| 606 | 0 | @a计算机应用@x音乐制作@x高等学校@j教材 |
| 606 | 0 | @a计算机应用 |
| 606 | 0 | @a音乐制作 |
| 690 | @aJ619-39@v4 | |
| 701 | 0 | @a陶一陌@9tao yi mo@4编著 |
| 801 | 0 | @aCN@bNLC@c20070806 |
| 905 | @a10447@dJ619-39@e518 | |
| 电脑音乐:MIDI与音频应用技术/陶一陌编著.-北京:人民音乐出版社,2005(2006) |
| 233页:图;26cm |
| 全国普通高等学校音乐学本科专业教材 |
| ISBN 7-103-03001-4:CNY28.00 |
| 本教材力求把所有和音乐创作最息息相关的部分,在每一个需要进行练习的章节之后都设有课后习题。结合电脑音乐的实际应用特点,按照循序渐进的方式讲解。 |
| ● |
| 相关链接 |
|
|
|
|
正题名:电脑音乐
索取号:J619-39/518
 
预约/预借
| 序号 | 登录号 | 条形码 | 馆藏地/架位号 | 状态 | 备注 |
| 1 | 0807029 | 208070291 | 第一样本阅览室/ [索取号:J619-39/518] | 在馆 | |
| 2 | 0807030 | 208070308 | 第一借阅区/ [索取号:J619-39/518] | 在馆 | |
| 3 | 0807031 | 208070317 | 第一借阅区/ [索取号:J619-39/518] | 在馆 | |
| 4 | 0807032 | 208070326 | 第一借阅区/ [索取号:J619-39/518] | 在馆 | |
| 5 | 0807033 | 208070335 | 第一借阅区/ [索取号:J619-39/518] | 在馆 | |
| 6 | 0807034 | 208070344 | 音乐系资料室/ [索取号:J619-39/518] | 在馆 |